| 000 | 01329nam a22003977a 4500 | ||
|---|---|---|---|
| 001 | 000102717 | ||
| 003 | CHAP | ||
| 005 | 20220817044353.0 | ||
| 008 | 100902s2009 it r 00010 spa d | ||
| 010 | _a99180 | ||
| 011 | _a100152 | ||
| 020 | _a978925303956 | ||
| 035 | _a110838 | ||
| 040 | _cCHAP | ||
| 082 | 0 | 4 |
_a641.30218 _bF268 2009 |
| 110 | 2 |
_aFAO. Comisión del Codex Alimentarius _939482 |
|
| 245 | 1 | 0 |
_aSistemas de inspección y certificación de importaciones y exportaciones de alimentos / _cby FAO. Codex Alimentarius. |
| 250 | _a4 ed. | ||
| 260 |
_aRoma : _bFAO, _c2009. |
||
| 300 | _a95 p. | ||
| 490 | _aPrograma conjunto FAO/OMS sobre normas alimentarias | ||
| 590 |
_aBATCH-UPD _b10 _c20130110 _lUCH01 _h1321 |
||
| 590 |
_aBATCH-UPD _b10 _c20130410 _lUCH01 _h0831 |
||
| 590 |
_aBATCH-UPD _b10 _c20130913 _lUCH01 _h2018 |
||
| 590 |
_aCONVERSION _b10 _c20130109 _lUCH01 _h1355 |
||
| 590 |
_aE5995AHE _b05 _c20140313 _lUCH01 _h1226 |
||
| 650 | 1 | 4 |
_aAditivos alimenticios. _9907 |
| 650 | 1 | 4 |
_aAlimentos _xExportación. _94222 |
| 650 | 1 | 4 |
_aAlimentos _xImportación. _94226 |
| 710 | 0 | _aFAO. | |
| 830 | 0 |
_aPrograma conjunto FAO/OMS sobre normas alimentarias _992254 |
|
| 901 | _aBK | ||
| 942 | _cLIBRO | ||
| 942 | _n0 | ||
| 949 |
_a641.30218 F268 2009 _bBC _cFAO _d33724002174751 _eFAO1 _gDonaciØn _h113356 _i110838 _sb |
||
| 999 |
_c99180 _d99180 |
||